Fauna de la serranía de la Macarena / (Registro nro. 15386)
[ vista simple ]
| 000 -LEADER | |
|---|---|
| fixed length control field | 01613nam a22002417a 4500 |
| 003 - CONTROL NUMBER IDENTIFIER | |
| control field | OSt |
| 005 - DATE AND TIME OF LATEST TRANSACTION | |
| control field | 20210316092734.0 |
| 008 - FIXED-LENGTH DATA ELEMENTS--GENERAL INFORMATION | |
| fixed length control field | 210316s1995 ck aob|gr|||| 001 0 spa d |
| 020 ## - INTERNATIONAL STANDARD BOOK NUMBER | |
| International Standard Book Number | 958954939x |
| 040 ## - CATALOGING SOURCE | |
| Original cataloging agency | CO-JMCR |
| Transcribing agency | CO-JMCR |
| 041 0# - LANGUAGE CODE | |
| Language code of text/sound track or separate title | spa |
| 082 04 - DEWEY DECIMAL CLASSIFICATION NUMBER | |
| Classification number | 591.0986156 / |
| Item number | M516f |
| Edition number | 23 |
| 100 1# - MAIN ENTRY--PERSONAL NAME | |
| Personal name | Mejía, Carlos Arturo, |
| Relator term | autor |
| 9 (RLIN) | 36124 |
| 245 10 - TITLE STATEMENT | |
| Title | Fauna de la serranía de la Macarena / |
| Statement of responsibility, etc. | Carlos Arturo Mejía |
| 260 ## - PUBLICATION, DISTRIBUTION, ETC. | |
| Place of publication, distribution, etc. | Bogotá : |
| Name of publisher, distributor, etc. | Amazonas Editores : Ediciones Uniandes, |
| Date of publication, distribution, etc. | 1995 |
| 300 ## - PHYSICAL DESCRIPTION | |
| Extent | 174 páginas : |
| Other physical details | ilustraciones, fotografías y mapas a color ; |
| Dimensions | 31 cm. |
| 500 ## - GENERAL NOTE | |
| General note | Incluye índice de fotografías y glosario. |
| 504 ## - BIBLIOGRAPHY, ETC. NOTE | |
| Bibliography, etc. note | Bibliografía: páginas 171-172 |
| 505 0# - FORMATTED CONTENTS NOTE | |
| Formatted contents note | La Serranía de La Macarena -- En este primer capítulo se analizan las relaciones entre la función y la forma en la naturaleza y se hace una introducción al funcionamiento de los ecosistemas -- En este segundo capítulo se describen las vicisitudes de ser herbívoro. En él se analiza cómo se defienden las plantas de los ataques de los herbívoros y lo que esto implica para los animales. -- En el que se describe lo que significa comer carne, sus ventajas y sus desventajas y las adaptaciones estructurales que este tipo de dieta demanda. -- En el cual se cierra el ciclo: los organismos mueren y la energía y los nutrientes atrapados en sus tejidos son devueltos al medio bajo la acción de los detritívoros y descomponedores |
| 650 14 - SUBJECT ADDED ENTRY--TOPICAL TERM | |
| Topical term or geographic name entry element | Fauna tropical |
| General subdivision | Fotografías |
| Geographic subdivision | Serranía de la Macarena (Colombia) |
| 9 (RLIN) | 36125 |
| 650 14 - SUBJECT ADDED ENTRY--TOPICAL TERM | |
| Topical term or geographic name entry element | Zoología |
| Geographic subdivision | Serranía de la Macarena (Colombia) |
| 9 (RLIN) | 36126 |
| 942 ## - ADDED ENTRY ELEMENTS (KOHA) | |
| Source of classification or shelving scheme | Dewey Decimal Classification |
| Koha item type | Books |
| Withdrawn status | Lost status | Source of classification or shelving scheme | Damaged status | Not for loan | Collection code | Home library | Current library | Date acquired | Source of acquisition | Coded location qualifier | Total Checkouts | Full call number | Barcode | Date last seen | Date last checked out | Copy number | Price effective from | Koha item type |
|---|---|---|---|---|---|---|---|---|---|---|---|---|---|---|---|---|---|---|
| Dewey Decimal Classification | Non-fiction | Biblioteca Pública José María del Castillo y Rada | Biblioteca Pública José María del Castillo y Rada | 10/02/2020 | Donación | $0 | 2 | 591.0986156 / M516f | 201810871 | 11/18/2025 | 11/18/2025 | Ej.1 | 03/16/2021 | Books |